The Oxford 3000 - Letter I - Translate from Polish to English - Statystyki

Ogólne statystyki
  • Ten quiz został rozwiązany 18 razy
  • Średni wynik to 65 z 120
Statystyki odpowiedzi
Polish Angielski % Poprawnych
lód ice
100%
pomysł idea
100%
tożsamość; identyfikacja identity
100%
ilustrować; obrazować illustrate
100%
imigrant immigrant
100%
w; we in
100%
informacja information
100%
ranny; zraniony; poszkodowany injured
100%
inspirować; zainspirować inspire
100%
instrukcja instruction
100%
instruktor; szkoleniowiec instructor
100%
inteligencja intelligence
100%
interesujący; ciekawy interesting
100%
ja I
75%
lody ice cream
75%
idealny; ideał ideal
75%
rozpoznać; zidentyfikować; identyfikować identify
75%
jeśli; jeżeli if
75%
ignorować; lekceważyć ignore
75%
ilustracja illustration
75%
wyobraźnia; fantazja; imaginacja imagination
75%
wyobrażać; wyimaginować imagine
75%
import; przywóz; importować import
75%
ważny; znaczący; istotny important
75%
niemożliwy; niewykonalny impossible
75%
niezależny; niepodległy independent
75%
indywidualny; samodzielny; osoba; osobnik individual
75%
zakażenie; infekcja infection
75%
informować; powiadomić; zakomunikować; poinformować inform
75%
nieformalny informal
75%
zranić; szkodzić injure
75%
owad; insekt insect
75%
wewnątrz; do środka; w środku; wnętrze inside
75%
instalować; montować; zainstalować; zamontować install
75%
instytut institute
75%
instytucja; placówka institution
75%
instrument; przyrząd instrument
75%
ubezpieczenie insurance
75%
inteligentny intelligent
75%
zamiar; intencja intention
75%
zainteresować; interesować; zainteresowanie interest
75%
zainteresowany interested
75%
międzynarodowy international
75%
interpretować interpret
75%
wywiad; rozmowa(oficjalna np. o prace) interview
75%
inwestować invest
75%
zaproszenie invitation
75%
żelazko; żelazo; prasować iron
75%
wyspa island
75%
to it
75%
nielegalny; bezprawny illegal
50%
choroba; schorzenie illness
50%
obrazek; wizerunek; wyobrażenie image
50%
natychmiastowy; niezwłoczny immediate
50%
natychmiast; niezwłocznie immediately
50%
niecierpliwy impatient
50%
imponować impress
50%
wrażenie impression
50%
poprawiać; polepszać; ulepszać; udoskonalać improve
50%
poprawa; polepszenie; ulepszenie; udoskonalenie improvement
50%
cal inch
50%
zdarzenie; incydent incident
50%
uwzględniać; zawierać; włączać include
50%
uwzględniony; dołączony; włączony; zawarty included
50%
dochód; przychód income
50%
zwiększyć; zwiększenie; wzrost increase
50%
pośredni indirect
50%
wewnątrz budynku/pomieszczenia; kryty indoor
50%
w pomieszczeniu; w domu indoors
50%
przemysłowy industrial
50%
przemysł industry
50%
wpływ; oddziaływanie; oddziaływać na influence
50%
składnik ingredient
50%
inicjatywa initiative
50%
uraz; kontuzja; szkoda injury
50%
przykład(dokładny); instancja instance
50%
zamiast instead
50%
internet internet
50%
wstęp; wprowadzenie introduction
50%
wynaleźć invent
50%
wynalazek invention
50%
prowadzić dochodzenie; prześledzić investigate
50%
dochodzenie; śledztwo investigation
50%
inwestycja; lokata investment
50%
zapraszać; zaprosić invite
50%
zaangażowany; wplątany; wmieszany involved
50%
jego; jej(zwierzęta, przedmioty; rzeczy) its
50%
chory ill
25%
wpływ; uderzenie; mieć wpływ; wpływać impact
25%
znaczenie importance
25%
narzucać; nakładać impose
25%
pod wrażeniem impressed
25%
imponujący impressive
25%
w tym; włącznie z; wraz z including
25%
coraz bardziej increasingly
25%
niesamowity; niewiarygodny incredible
25%
niesamowicie; niezwykle incredibly
25%
rzeczywiście; naprawdę; w rzeczy samej; w istocie indeed
25%
wskazać; wskazywać indicate
25%
wstępny; początkowy initial
25%
początkowo; wstępnie; z początku initially
25%
wewnętrzny inner
25%
niewinny innocent
25%
wgląd; spostrzeżenie; wnikliwość insight
25%
nalegać; upierać się insist
25%
intensywny intense
25%
przerywać; przerwać; zakłócać interrupt
25%
kwestia; problem; wydanie; wydawać issue
25%
informatyka IT
25%
przedmiot item
25%
wyobrażony; wyimaginowany imaginary
0%
sugerować; dawać do myślenia imply
0%
zapytanie; śledztwo; dochodzenie inquiry
0%
zamierzać intend
0%
zamierzony; przeznaczony intended
0%
wewnętrzny(związany) internal
0%
do; w into
0%
wprowadzać; przedstawiać introduce
0%
obejmować; dotyczyć; angażować; wmieszać; wplątywać involve
0%
sam; sobie; się(zwierzęta, przedmioty; rzeczy) itself
0%
Nie znaleziono quizów pasujących do podanych kryteriów
Rozkład punktacji
Procent ludzi z każdym wynikiem
Percentyl według liczby udzielonych odpowiedzi
Twoja historia wyników
Nie rozwiązałeś tego quizu